000 00446nam a2200181Ia 4500
001 17715
005 20260306171537.0
008 260306s9999||||xx |||||||||||||| ||und||
041 _aESP
082 _a658.15
_bO73 2005
100 _aOrtiz Gómez, Alberto
_eAUT
245 0 _aGerencia financiera y diagnóstico estratégico
260 _c2005
300 _a482 páginas :
_c
650 _aGEN
654 _aCAN
942 _cLIB
_dJUS
_fJUS
_2ddc
_n
999 _c17715
_d17715